Statistics for WestJet Destinations

Click here to take the quiz!

General Stats

  • This quiz has been taken 87 times
  • The average score is 39 of 108

Answer Stats

#City% Correct
22 | 66London
92%
69Los Angeles
86%
27Montreal
84%
24Toronto
84%
13Vancouver
84%
86New York City
81%
7Calgary
78%
8Edmonton
76%
43Paris
70%
1 | 17St. John's
70%
85Las Vegas
68%
28Quebec City
68%
73San Francisco
68%
102Boston
65%
77Miami
65%
23Ottawa
65%
55Cancun
62%
74Denver
62%
29Regina
62%
30Saskatoon
62%
15Winnipeg
62%
78Orlando
59%
67Phoenix
59%
31Whitehorse
59%
80Atlanta
57%
45Dublin
57%
18Halifax
57%
101Thunder Bay
57%
89Houston
54%
103Portland
54%
11Kelowna
51%
72San Diego
51%
34San Jose
51%
50San Jose del Cabo
51%
14Victoria
51%
9Abbotsford
49%
6 | 20Hamilton
49%
26Charlottetown
43%
75Fort Lauderdale
43%
99Moncton
43%
79Tampa
43%
47Kingston
41%
46Rome
38%
25Windsor
38%
88Austin
35%
105Lethbridge
35%
3Nassau
35%
12Prince George
35%
62Barcelona
32%
97Brandon
32%
98Fredericton
32%
81Honolulu
32%
53Puerto Vallarta
32%
65Glasgow
30%
19Sydney
30%
93Kamloops
27%
107Medicine Hat
27%
41Punta Cana
27%
76Fort Myers
24%
100Gander
24%
21Kitchener/Waterloo
24%
48Montego Bay
24%
87Nashville
24%
59San Juan
24%
56Cozumel
22%
90Fort McMurray
22%
33Liberia
22%
108Cranbrook
19%
94Nanaimo
19%
10Comox
16%
91Grande Prairie
16%
52Ixtapa/Zihuatanejo
16%
83Kona
16%
95Penticton
16%
63Port of Spain
16%
40Puerto Plata
16%
32George Town
14%
84Lihue
14%
57Mazatlan
14%
70Orange County/Anaheim
14%
38Varadero
14%
5Belize City
11%
4Bridgetown
11%
82Kahului/Maui
11%
106Lloydminster
11%
71Palm Springs
11%
35Cayo Coco
8%
16Deer Lake/Corner Brook
8%
92Fort St. John
8%
37Santa Clara
8%
36Holguin
5%
51Manzanillo
5%
58Merida
5%
104Myrtle Beach
5%
2Oranjestad
5%
44Roatan
5%
68Mesa
3%
96Terrace
3%
39Willemstad
3%
54Huatulco
0%
49Loreto
0%
61Philipsburg
0%
64Provedenciales
0%
42Samana
0%
60Vieux Fort
0%

Score Distribution

Percentile by Number Answered

Percent of People with Each Score

Your Score History

You have not taken this quiz